LEADER 00984nam a22002651i 4500 001 991001933829707536 005 20030414143542.0 008 030925s1958 it |||||||||||||||||ita 035 $ab12218054-39ule_inst 035 $aARCHE-026570$9ExL 040 $aBiblioteca Interfacoltą$bita$cA.t.i. Arché s.c.r.l. Pandora Sicilia s.r.l. 082 04$a928 100 1 $aBusetto, Natale$0179518 245 10$aGiosuč Carducci :$bl'uomo, il poeta, il critico e il prosatore /$cNatale Busetto 260 $aPadova :$bLiviana,$c1958 300 $aXVI, 528 p. ;$c22 cm 440 0$aBiblioteca di cultura [Liviana] 650 4$aCarducci, Giosuč 907 $a.b12218054$b02-04-14$c08-10-03 912 $a991001933829707536 945 $aLE002 851.8 CAR D BUS 945 $aLE002 It. I B 15$g1$i2002000083777$lle002$o-$pE0.00$q-$rl$s- $t0$u1$v0$w1$x0$y.i12598550$z08-10-03 996 $aGiosuč Carducci$9155919 997 $aUNISALENTO 998 $ale002$b08-10-03$cm$da $e-$fita$git $h0$i1